000 00336nam a2200145Ia 4500
003 OSt
005 20240113112605.0
008 170524s9999 xx 000 0 und d
020 _a9789380578965
040 _ciimtu
100 _aPATIL- H. G.
245 0 _aMACHINE DESIGN DATA HANDBOOK
260 _bI.K. INTERNATIONAL
942 _2ddc
_c02
999 _c7710
_d7710